Avoiding disputes - is latent defects insurance feasible for large projects? (Record no. 117996)
[ view plain ]
| 000 -LEADER | |
|---|---|
| fixed length control field | 01241cam a2200217 4500 |
| 001 - CONTROL NUMBER | |
| control field | ABS68189 |
| 008 - FIXED-LENGTH DATA ELEMENTS--GENERAL INFORMATION | |
| fixed length control field | 040914n2004 000 0 eng u |
| 035 ## - SYSTEM CONTROL NUMBER | |
| System control number | (Sirsi) u127396 |
| 100 ## - MAIN ENTRY--PERSONAL NAME | |
| Personal name | Davison, R. |
| 245 ## - TITLE STATEMENT | |
| Title | Avoiding disputes - is latent defects insurance feasible for large projects? |
| 260 ## - PUBLICATION, DISTRIBUTION, ETC. | |
| Date of publication, distribution, etc. | 2004 |
| 490 ## - SERIES STATEMENT | |
| Series statement | Construction Law Review |
| Volume/sequential designation | 2004, 36-38(2) |
| 520 ## - SUMMARY, ETC. | |
| Summary, etc. | Assesses the problem for the construction industry of the level of disputes generated by disagreement over the liability for defective work. Often disputes arise as to where liability for a defect lies. Poor workmanship, materials, design or inadequacies by specialist subcontractors or suppliers can be blamed. The project client is often left to make repairs at his own expense and then claim compensation from other parties. Looks at the use of Latent Defects Insurance as a solution to this. Concludes, although cost of such cover may be prohibitive, it is worth considering for large construction projects outside PFI schemes. |
| 590 ## - LOCAL NOTE (RLIN) | |
| Local note | ABS |
| 590 ## - LOCAL NOTE (RLIN) | |
| Local note | ABS |
| 650 ## - SUBJECT ADDED ENTRY--TOPICAL TERM | |
| Topical term or geographic name entry element | LATENT DEFECTS INSURANCE |
| 650 ## - SUBJECT ADDED ENTRY--TOPICAL TERM | |
| Topical term or geographic name entry element | SUBCONTRACTORS |
| 650 ## - SUBJECT ADDED ENTRY--TOPICAL TERM | |
| Topical term or geographic name entry element | CONSTRUCTION PROJECTS |
| 690 ## - LOCAL SUBJECT ADDED ENTRY--TOPICAL TERM (OCLC, RLIN) | |
| Topical term or geographic name as entry element | BUILDING AND CONSTRUCTION-DEFECTS AND FAILURES |
| 942 ## - ADDED ENTRY ELEMENTS (KOHA) | |
| Suppress in OPAC | 0 |
| Withdrawn status | Lost status | Source of classification or shelving scheme | Damaged status | Not for loan | Home library | Current library | Shelving location | Date acquired | Total Checkouts | Full call number | Barcode | Date last seen | Copy number | Price effective from | Koha item type |
|---|---|---|---|---|---|---|---|---|---|---|---|---|---|---|---|
| Dewey Decimal Classification | London | London | Journal article | 14/09/2004 | ABS68189 | 127396-1001 | 06/08/2019 | 1 | 06/08/2019 | Journal article |